Innovations in teaching Abstract Algebra

Gespeichert in:
Bibliographische Detailangaben
Hauptverfasser: Hibbard, Allen C (VerfasserIn), Maycock, Ellen J (VerfasserIn)
Format: Buch
Sprache:Englisch
Veröffentlicht: The Mathematical Association of America 2002
Schriftenreihe:MAA Notes, 60
Schlagworte:
Tags: Tag hinzufügen
Keine Tags, Fügen Sie den ersten Tag hinzu!

MARC

LEADER 00000cam a2200000 a 4500
001 UCF5839
003 CL-VaPUC
008 130328e20020000US |||||||||||||||||eng|d
020 |a 0883851717 
082 0 4 |a 512.02  |b HIB  |2 21 
100 0 |a Hibbard, Allen C  |e author  |9 567812 
700 0 |a Maycock, Ellen J  |e author  |9 567813 
245 1 0 |a Innovations in teaching Abstract Algebra 
300 |a 152 p 
942 |c BK 
945 |d 20130328 00:00:00  |a dcastane 
260 |b The Mathematical Association of America  |c 2002 
650 0 |a Álgebra abstracta   |9 260081 
583 |a last modification  |c 20130328 10:53:00  |k Rodrigo Vera 
490 0 |a MAA Notes, 60 
999 |c 351238  |d 351236 
952 |0 0  |1 0  |4 0  |6 512_020000000000000_HIB_2002  |7 0  |8 A  |9 455238  |a BIBMAT  |b BIBMAT  |d 2019-11-22  |i 495923K  |o 512.02 HIB 2002  |p 495923K  |r 2025-01-07  |w 2019-11-22  |y BK  |k MAT